[Event "Pereira Gildardo Garcia Memorial-B"]
[Site "Pereira"]
[Date "2022.05.18"]
[Round "1"]
[White "Florez, Carlos Julio"]
[Black "Puerta Rendon, Jacobo"]
[Result "1-0"]
[WhiteElo "1989"]
[BlackElo "1571"]
[PlyCount "51"]
[EventDate "2022.05.18"]
[EventType "swiss"]
[EventRounds "9"]
[EventCountry "COL"]
[SourceTitle "CBM 208 Extra"]
[Source "ChessBase"]
[SourceDate "2022.07.31"]
[SourceVersion "1"]
[SourceVersionDate "2022.07.31"]
[SourceQuality "1"]

1. d4 d5 2. Bf4 Nf6 3. e3 e6 4. Nd2 Bd6 5. Bg3 Bxg3 6. hxg3 Nbd7 7. Ngf3 c5 8. c3 0-0 9. Ne5 cxd4 10. exd4 Nxe5 11. dxe5 Nd7 12. Bd3 h6 13. Qe2 Qb6 14. 0-0-0 Nc5 15. Bc2 f5 16. exf6 Rxf6 17. Nf3 Bd7 18. Rd4 Raf8 19. g4 Rf4 20. g5 Rxd4 21. Nxd4 Ne4 22. Bxe4 dxe4 23. gxh6 e5 24. hxg7 Kxg7 25. Qh5 Rxf2 26. Qh8+ 1-0

[Event "COL-ch U2300"]
[Site "Pereira"]
[Date "2022.02.18"]
[Round "4"]
[White "Gallego, Julian Andres"]
[Black "Florez, Carlos Julio"]
[Result "1/2-1/2"]
[WhiteElo "2185"]
[BlackElo "1958"]
[PlyCount "90"]
[EventDate "2022.02.16"]
[EventType "swiss"]
[EventRounds "9"]
[EventCountry "COL"]
[SourceTitle "CBM 207 Extra"]
[Source "ChessBase"]
[SourceDate "2022.05.31"]
[SourceVersion "1"]
[SourceVersionDate "2022.05.31"]
[SourceQuality "1"]

1. Nf3 c6 2. c4 d5 3. b3 Bf5 4. Bb2 e6 5. g3 Nf6 6. Bg2 Be7 7. 0-0 h6 8. d3 0-0 9. Nbd2 a5 10. a3 Na6 11. Ra2 Nc5 12. Qa1 Ne8 13. Rc1 a4 14. Nd4 axb3 15. N2xb3 Nxb3 16. Nxb3 dxc4 17. Rxc4 Qb6 18. Nd2 Bf6 19. Rb4 Qc7 20. Ne4 Bxe4 21. Rxe4 Bxb2 22. Qxb2 Nf6 23. Rb4 Rfb8 24. h3 Ra7 25. a4 Rba8 26. Bf3 b5 27. Qc2 Qd6 28. Qb3 Nd7 29. Rc2 Nc5 30. Qa3 Na6 31. Rb3 Qxa3 32. Rxa3 Nb4 33. Rc5 Rxa4 34. Rac3 R8a6 35. Bxc6 Nxc6 36. Rxc6 Rxc6 37. Rxc6 Ra2 38. Kf1 Ra1+ 39. Kg2 Kf8 40. Rb6 Rb1 41. Kf3 b4 42. Ke3 b3 43. h4 b2 44. Rb7 Ke8 45. h5 Kd8 1/2-1/2

[Event "American Continental 13th"]
[Site "Medellin"]
[Date "2017.06.16"]
[Round "9"]
[White "Harper, Ryan"]
[Black "Florez, Carlos Julio"]
[Result "1-0"]
[WhiteElo "2209"]
[BlackElo "2039"]
[PlyCount "67"]
[EventDate "2017.06.10"]
[EventType "swiss"]
[EventRounds "11"]
[EventCountry "COL"]
[SourceTitle "EXT 2018"]
[Source "ChessBase"]
[SourceDate "2017.10.13"]
[SourceVersion "1"]
[SourceVersionDate "2017.10.13"]
[SourceQuality "1"]

1. e4 c5 2. Nc3 a6 3. Nf3 Nc6 4. d4 cxd4 5. Nxd4 d6 6. Be3 Nf6 7. Be2 g6 8. Nd5 Bg7 9. Nxc6 bxc6 10. Bb6 Qd7 11. Nc7+ Kf8 12. Nxa8 Qb7 13. Bd4 Qxa8 14. f3 Qb8 15. 0-0 e5 16. Be3 d5 17. exd5 cxd5 18. f4 e4 19. c4 Be6 20. Rc1 h5 21. cxd5 Nxd5 22. Bc5+ Kg8 23. Bc4 Nxf4 24. Bxe6 Nxe6 25. Kh1 Bxb2 26. Qd7 Kh7 27. Rxf7+ Ng7 28. Bd4 Bxd4 29. Qxd4 Rg8 30. h3 Kh6 31. Rcc7 Nf5 32. Qf6 Rh8 33. h4 Qd8 34. Qxd8 1-0

[Event "American Continental 13th"]
[Site "Medellin"]
[Date "2017.06.10"]
[Round "1"]
[White "Florez, Carlos Julio"]
[Black "Hungaski, Robert Andrew"]
[Result "0-1"]
[WhiteElo "2039"]
[BlackElo "2492"]
[PlyCount "49"]
[EventDate "2017.06.10"]
[EventType "swiss"]
[EventRounds "11"]
[EventCountry "COL"]
[SourceTitle "CBM 178 Extra"]
[Source "ChessBase"]
[SourceDate "2017.06.22"]
[SourceVersion "1"]
[SourceVersionDate "2017.06.22"]
[SourceQuality "1"]

1. d4 d5 2. c4 dxc4 3. Nf3 Nf6 4. e3 Bg4 5. Bxc4 e6 6. 0-0 a6 7. h3 Bh5 8. Be2 Nc6 9. b3 Bd6 10. Bb2 0-0 11. Nbd2 h6 12. Rc1 Bg6 13. Nc4 Nd5 14. Nxd6 cxd6 15. Nd2 Ncb4 16. a3 Na2 17. e4 Nxc1 18. exd5 Nxe2+ 19. Qxe2 exd5 20. a4 Re8 21. Qf3 Qg5 22. Bc1 Qf5 23. Qg3 Qc2 24. Nf3 Qxb3 25. Nh4 0-1

[Event "COL-ch"]
[Site "Palmira"]
[Date "2017.05.20"]
[Round "8"]
[White "Florez, Carlos Julio"]
[Black "Cardozo, Stid Jafhar"]
[Result "1/2-1/2"]
[WhiteElo "2087"]
[BlackElo "1842"]
[PlyCount "63"]
[EventDate "2017.05.15"]
[EventType "swiss"]
[EventRounds "10"]
[EventCountry "COL"]
[SourceTitle "CBM 178 Extra"]
[Source "ChessBase"]
[SourceDate "2017.06.22"]
[SourceVersion "1"]
[SourceVersionDate "2017.06.22"]
[SourceQuality "1"]

1. d4 Nf6 2. c4 e6 3. Nf3 b6 4. e3 Bb7 5. Bd3 d5 6. Nc3 dxc4 7. Bxc4 c5 8. 0-0 Nbd7 9. Qe2 a6 10. a4 Bd6 11. Rd1 Qe7 12. d5 exd5 13. Nxd5 Nxd5 14. Bxd5 Bxd5 15. Rxd5 Nf6 16. Rd1 0-0 17. b3 Nd7 18. Bb2 Ne5 19. Rd5 Nxf3+ 20. Qxf3 Rad8 21. Rad1 Qe6 22. g3 h6 23. R1d2 Be7 24. Kg2 Rxd5 25. Rxd5 Rd8 26. Rxd8+ Bxd8 27. Qa8 Qd7 28. e4 Qd3 29. Be5 Kh7 30. Qd5 Qxd5 31. exd5 f6 32. Bd6 1/2-1/2

[Event "COL-ch"]
[Site "Palmira"]
[Date "2017.05.18"]
[Round "5"]
[White "Florez, Carlos Julio"]
[Black "Martinez, Cristian Camilo"]
[Result "1/2-1/2"]
[WhiteElo "2087"]
[BlackElo "1863"]
[PlyCount "97"]
[EventDate "2017.05.15"]
[EventType "swiss"]
[EventRounds "10"]
[EventCountry "COL"]
[SourceTitle "CBM 178 Extra"]
[Source "ChessBase"]
[SourceDate "2017.06.22"]
[SourceVersion "1"]
[SourceVersionDate "2017.06.22"]
[SourceQuality "1"]

1. d4 d5 2. c4 e6 3. Nf3 Nf6 4. Nc3 Be7 5. Bg5 Nbd7 6. e3 h6 7. Bf4 c6 8. h3 0-0 9. Rc1 b6 10. cxd5 exd5 11. Bd3 Bb7 12. 0-0 c5 13. Re1 Ne4 14. dxc5 Ndxc5 15. Bb1 Ne6 16. Be5 Bf6 17. Bxf6 Nxf6 18. Nb5 Nc5 19. Qc2 Ba6 20. b4 Bxb5 21. bxc5 bxc5 22. Qxc5 a6 23. Nd4 Bc4 24. Nc6 Qd7 25. Ne5 Qb5 26. Qd4 Rac8 27. Qf4 Qa5 28. Qf5 Bxa2 29. Ng4 Bxb1 30. Nxf6+ gxf6 31. Rxb1 Kg7 32. e4 Rce8 33. Re3 Rg8 34. Rg3+ Kf8 35. Rxg8+ Kxg8 36. Qxf6 dxe4 37. Qxh6 Qa2 38. Rb6 Qa1+ 39. Kh2 Qe5+ 40. g3 a5 41. Ra6 Qc5 42. Qe3 Qb5 43. Ra7 Qf5 44. Kg2 Re6 45. g4 Qe5 46. Qe1 Qf4 47. Qe3 Qe5 48. Qe1 Qf4 49. Qe3 1/2-1/2

[Event "COL-ch"]
[Site "Quibdo"]
[Date "2015.11.11"]
[Round "3"]
[White "Florez, Carlos Julio"]
[Black "Hernandez, Cristian Andres"]
[Result "1-0"]
[WhiteElo "2075"]
[BlackElo "2256"]
[PlyCount "84"]
[EventDate "2015.11.10"]
[EventType "swiss"]
[EventRounds "9"]
[EventCountry "COL"]
[SourceTitle "CBM 169 Extra"]
[Source "ChessBase"]
[SourceDate "2015.12.18"]
[SourceVersion "1"]
[SourceVersionDate "2015.12.18"]
[SourceQuality "1"]

1. d4 d5 2. c4 c6 3. cxd5 cxd5 4. Nc3 Nf6 5. Nf3 Nc6 6. Bf4 Bf5 7. e3 e6 8. Bb5 Nd7 9. Qa4 Qb6 10. Ne5 Ndxe5 11. Bxe5 f6 12. Bg3 Be7 13. 0-0 0-0 14. Rac1 Rfc8 15. Qd1 Na5 16. Bd7 Rxc3 17. Rxc3 Qxb2 18. Qc1 Qxc1 19. Rfxc1 Nc4 20. e4 Rd8 21. Bb5 Bxe4 22. f3 Na3 23. Bf1 Bf5 24. Rc8 Kf7 25. R8c7 b5 26. R1c6 Ke8 27. Ra6 Nc4 28. Raxa7 Bf8 29. Rab7 e5 30. Rxb5 exd4 31. Bxc4 dxc4 32. Rxf5 d3 33. Be1 d2 34. Bxd2 Rxd2 35. Ra5 Be7 36. Rxc4 Rd7 37. Ra8+ Kf7 38. a4 Ke6 39. Kf2 Kd5 40. Rac8 Rb7 41. Rc2 Ra7 42. R8c7 Kd4 1-0

[Event "Mosquera op"]
[Site "Mosquera"]
[Date "2014.11.01"]
[Round "4"]
[White "Guzman, Campo Elias"]
[Black "Florez, Carlos Julio"]
[Result "0-1"]
[WhiteElo "2052"]
[BlackElo "2168"]
[PlyCount "126"]
[EventDate "2014.10.30"]
[EventType "swiss"]
[EventRounds "9"]
[EventCountry "COL"]
[SourceTitle "EXT 2015"]
[Source "ChessBase"]
[SourceDate "2014.11.20"]
[SourceVersion "1"]
[SourceVersionDate "2014.11.20"]
[SourceQuality "1"]

1. d4 g6 2. Nf3 Bg7 3. g3 Nf6 4. Bg2 c5 5. d5 0-0 6. 0-0 e6 7. c4 exd5 8. cxd5 d6 9. Nc3 Re8 10. Nd2 Nbd7 11. Nc4 Nb6 12. Ne3 Qe7 13. a4 Ng4 14. Qb3 Nxe3 15. Bxe3 Nd7 16. a5 Ne5 17. h3 g5 18. Ne4 h6 19. Nc3 Bf5 20. Rfe1 Rab8 21. Bd2 Kh8 22. Kh2 Bd7 23. Nd1 f5 24. f4 c4 25. Qb4 gxf4 26. gxf4 Ng6 27. Ra3 Nh4 28. Rg3 Nxg2 29. Rxg2 Rg8 30. Reg1 Kh7 31. Be3 b6 32. axb6 axb6 33. Bf2 b5 34. Nc3 Bf6 35. e3 Rxg2+ 36. Rxg2 Be8 37. Ne2 Rd8 38. Ng3 Bd7 39. Qd2 Rg8 40. Qc2 Qf7 41. Qd2 b4 42. Rg1 c3 43. bxc3 Bxc3 44. Qd3 Ra8 45. e4 Ra2 46. Rg2 Rd2 47. Qc4 fxe4 48. Qxe4+ Kh8 49. f5 Rxd5 50. Be3 Bxf5 51. Qh4 Qf6 52. Qh5 Be5 53. Bxh6 Bg6 54. Qg4 Qf5 55. Qh4 Qh5 56. Qd8+ Kh7 57. Be3 Rd3 58. Qc7+ Bf7 59. Qc2 Qg6 60. Qf2 Bd5 61. Rg1 Qe4 62. Bc1 Qf3 63. Qe1 Rd1 0-1

[Event "Las Vegas Millionaire op"]
[Site "Las Vegas"]
[Date "2014.10.12"]
[Round "7"]
[White "Florez, Carlos Julio"]
[Black "Balint, Vilmos"]
[Result "1-0"]
[WhiteElo "2168"]
[BlackElo "2204"]
[PlyCount "120"]
[EventDate "2014.10.09"]
[EventType "swiss"]
[EventRounds "9"]
[EventCountry "USA"]
[SourceTitle "CBM 162 Extra"]
[Source "ChessBase"]
[SourceDate "2014.10.17"]
[SourceVersion "1"]
[SourceVersionDate "2014.10.17"]
[SourceQuality "1"]

1. e4 e5 2. Nf3 Nc6 3. Bc4 Nf6 4. d4 exd4 5. e5 d5 6. Bb5 Ne4 7. Nxd4 Bd7 8. Bxc6 bxc6 9. 0-0 Bc5 10. f3 Ng5 11. f4 Ne4 12. Be3 Bb6 13. Nc3 Nxc3 14. bxc3 Qe7 15. Qd2 0-0 16. Rae1 Rad8 17. f5 c5 18. f6 Qxe5 19. Nb3 Qh5 20. Nxc5 Bb5 21. Nd3 Rfe8 22. Bxb6 axb6 23. Qf4 Rxe1 24. Rxe1 Re8 25. Rxe8+ Bxe8 26. h3 gxf6 27. Qxc7 Qd1+ 28. Kh2 Qxc2 29. Qg3+ Kh8 30. Nf4 Qf5 31. Qf2 Qe5 32. Qd2 Bb5 33. g3 Bc4 34. a3 Kg7 35. Qb2 Qe3 36. h4 b5 37. Ng2 Qf3 38. Qd2 Bf1 39. Ne3 Be2 40. Ng2 Qf2 41. Qe3 Qf1 42. Qg1 Qf5 43. Nf4 Bf3 44. Qf2 Qe4 45. Kh3 Qf5+ 46. Kh2 Be4 47. Qe2 Qe5 48. Qd2 Qd6 49. Nh5+ Kf8 50. Qb2 Bf3 51. Nf4 Qc6 52. Qb4+ Kg8 53. Qd4 Kg7 54. Kg1 Qc8 55. Kf2 Qg4 56. Qe3 Be4 57. Ke1 Bc2 58. Kf2 Be4 59. Qe2 Qc8 60. Qe3 Qf5 1-0

[Event "Medellin Flores op 20th"]
[Site "Medellin"]
[Date "2014.08.10"]
[Round "9"]
[White "Palencia Morales, Wilson Guillermo"]
[Black "Florez, Carlos Julio"]
[Result "1-0"]
[WhiteElo "2347"]
[BlackElo "2166"]
[PlyCount "45"]
[EventDate "2014.08.06"]
[EventType "swiss"]
[EventRounds "9"]
[EventCountry "COL"]
[SourceTitle "CBM 162 Extra"]
[Source "ChessBase"]
[SourceDate "2014.10.17"]
[SourceVersion "1"]
[SourceVersionDate "2014.10.17"]
[SourceQuality "1"]

1. e4 c5 2. Nf3 g6 3. d4 cxd4 4. Nxd4 Nc6 5. Be3 Nf6 6. Nc3 Bg7 7. Nxc6 bxc6 8. e5 Ng8 9. f4 Nh6 10. g4 d5 11. h3 f6 12. exf6 exf6 13. Qd2 f5 14. 0-0-0 0-0 15. Bg2 Kh8 16. g5 Nf7 17. h4 Rb8 18. Bd4 Rb4 19. Bxg7+ Kxg7 20. Nxd5 Rc4 21. b3 cxd5 22. bxc4 Qe7 23. Qc3+ 1-0